Á lódáil...

Theory of stochastic processes

Sonraí Bibleagrafaíochta
Príomhúdar: Cox, D R
Údair Eile: Miller, H D
Formáid: Printed Book
Teanga:Undetermined
English
Foilsithe: London Chapman and hall 1965
Ábhair:
LEADER 00567nam a2200181Ia 4500
008 140306s9999 xx 000 0 und d
041 |a eng 
082 |a 519  |b COX/TH 
100 |a Cox, D R 
700 |a Miller, H D 
245 |a Theory of stochastic processes 
260 |a London  |b Chapman and hall  |c 1965 
300 |a 398 
650 |a Equilibrium Distribution 
650 |a Statistics 
942 |2 ddc  |c BK 
999 |c 118645  |d 118645 
952 |0 0  |1 0  |2 ddc  |4 0  |6 519_000000000000000_COXTH  |7 0  |9 117686  |a KAUHCV  |b KAUHCV  |d 2004-05-04  |o 519 COX/TH  |p KAU_HCV-10264  |r 2014-03-22  |w 2014-03-22  |y BK